| 000 | 00720nam a2200277 4500 | ||
|---|---|---|---|
| 999 |
_c8816 _d8816 |
||
| 001 | 8816 | ||
| 003 | BD-JhCC | ||
| 005 | 20180709120917.0 | ||
| 008 | 700409s1969 enk 001 0 eng | ||
| 020 | _a0330023284 | ||
| 035 | _a(BD-JhCC)8816 | ||
| 040 |
_aDLC _cDLC _dDLC _dBD-JhCC |
||
| 041 | _aeng | ||
| 050 | 0 | 0 |
_aPN6421 _b.R5 1969 |
| 082 | 0 | 0 |
_a398.9/2 _bRID 1969 |
| 100 | 1 | _aRidout, Ronald. | |
| 245 | 1 | 0 |
_aEnglish proverbs explained / _cRonald Ridout and Clifford Witting. |
| 260 |
_aLondon, _bPan Books, _c1969. |
||
| 300 |
_a223 p. _c18 cm. |
||
| 350 | _a5/- | ||
| 490 | 0 | _aPan piper | |
| 650 | 0 | _aProverbs, English. | |
| 700 | 1 | _aWitting, Clifford, | |
| 942 |
_2ddc _cBK |
||